All countries by mean age at childbearing with a map - Statistics

General Stats
  • This quiz has been taken 36 times
  • The average score is 94 of 195
Answers on the Map
Answers color-coded by a green-red scale on the quiz's map according to % correct below.
 
Answer Stats
Answer Age % Correct
Bangladesh 25.7
89%
Antigua and Barbuda 28.0
78%
Azerbaijan 25.7
78%
Bahamas 28.5
78%
Barbados 27.9
78%
Belize 27.2
78%
Bolivia 28.3
78%
Brazil 27.7
78%
Colombia 26.9
78%
Costa Rica 27.9
78%
Cuba 26.1
78%
Dominica 28.1
78%
Dominican Republic 26.8
78%
Ecuador 27.4
78%
El Salvador 27.1
78%
Guatemala 27.9
78%
Guyana 27.2
78%
Honduras 27.2
78%
Jamaica 27.9
78%
Mexico 27.0
78%
Nicaragua 26.6
78%
Panama 27.0
78%
Paraguay 27.9
78%
Peru 28.3
78%
Saint Kitts and Nevis 27.6
78%
Saint Lucia 28.0
78%
Saint Vincent and the Grenadines 28.0
78%
Suriname 27.8
78%
Trinidad and Tobago 27.7
78%
Uruguay 28.3
78%
Venezuela 26.3
78%
Armenia 27.3
67%
Bulgaria 27.7
67%
Cambodia 27.5
67%
Egypt 27.7
67%
India 27.9
67%
Indonesia 28.6
67%
Kyrgyzstan 28.0
67%
Laos 26.9
67%
Marshall Islands 27.6
67%
Moldova 27.9
67%
Nauru 27.4
67%
Nepal 25.8
67%
Romania 28.1
67%
Tajikistan 26.5
67%
Thailand 28.1
67%
Turkmenistan 27.9
67%
Ukraine 28.0
67%
Uzbekistan 27.4
67%
Vietnam 27.4
67%
Andorra 32.0
56%
Argentina 28.7
56%
Australia 31.2
56%
Austria 30.9
56%
Belarus 28.6
56%
Belgium 30.8
56%
Canada 31.1
56%
Chile 29.4
56%
Czech Republic 30.1
56%
Denmark 31.4
56%
Finland 31.0
56%
France 30.6
56%
Georgia 28.1
56%
Germany 31.1
56%
Grenada 29.0
56%
Haiti 29.5
56%
Iceland 30.7
56%
Ireland 32.2
56%
Italy 32.0
56%
Japan 31.4
56%
Liechtenstein 31.9
56%
Luxembourg 32.2
56%
Monaco 31.0
56%
Netherlands 31.5
56%
New Zealand 30.6
56%
Norway 31.2
56%
Philippines 28.7
56%
Poland 29.6
56%
Portugal 31.4
56%
San Marino 32.2
56%
Singapore 31.9
56%
Slovenia 30.4
56%
South Africa 27.7
56%
South Korea 32.5
56%
Spain 32.1
56%
Sweden 31.2
56%
Switzerland 32.0
56%
United Kingdom 30.6
56%
United States 29.6
56%
Afghanistan 28.9
44%
Albania 28.9
44%
Algeria 31.4
44%
Bahrain 29.9
44%
Bosnia and Herzegovina 29.1
44%
Brunei 30.5
44%
Cameroon 28.4
44%
China 28.8
44%
Croatia 30.4
44%
Cyprus 31.6
44%
Estonia 30.5
44%
Eswatini 28.0
44%
Fiji 28.7
44%
Greece 31.5
44%
Hungary 29.7
44%
Israel 30.7
44%
Jordan 29.6
44%
Kiribati 29.6
44%
Kosovo 30.0
44%
Kuwait 29.5
44%
Latvia 29.9
44%
Lesotho 27.9
44%
Lithuania 30.1
44%
Macedonia 28.7
44%
Malawi 28.0
44%
Malaysia 31.0
44%
Malta 30.6
44%
Micronesia 29.8
44%
Montenegro 30.0
44%
Mozambique 28.2
44%
Myanmar 29.0
44%
North Korea 28.8
44%
Oman 31.4
44%
Pakistan 28.6
44%
Palau 28.6
44%
Papua New Guinea 29.4
44%
Qatar 30.2
44%
Russia 28.7
44%
Samoa 29.4
44%
Saudi Arabia 30.9
44%
Serbia 29.5
44%
Slovakia 28.8
44%
Solomon Islands 29.0
44%
Taiwan 31.5
44%
Tonga 30.4
44%
Turkey 29.0
44%
Tuvalu 29.0
44%
United Arab Emirates 31.4
44%
Vanuatu 28.7
44%
Yemen 29.9
44%
Zambia 28.5
44%
Zimbabwe 27.9
44%
Bhutan 28.7
33%
Botswana 28.5
33%
Cabo Verde 27.6
33%
East Timor 29.6
33%
Equatorial Guinea 28.1
33%
Gabon 28.5
33%
Iran 28.9
33%
Iraq 28.8
33%
Kazakhstan 28.7
33%
Lebanon 29.4
33%
Libya 31.9
33%
Madagascar 28.0
33%
Maldives 29.8
33%
Mongolia 29.2
33%
Morocco 30.3
33%
Niger 29.1
33%
Seychelles 27.7
33%
Somalia 29.3
33%
Sri Lanka 29.5
33%
Syria 29.3
33%
Tunisia 31.0
33%
Angola 28.9
22%
Benin 29.1
22%
Central African Republic 28.8
22%
Chad 29.3
22%
Democratic Republic of the Congo 29.9
22%
Djibouti 31.3
22%
Eritrea 29.5
22%
Ethiopia 29.5
22%
Kenya 28.5
22%
Liberia 28.5
22%
Mauritania 29.9
22%
Namibia 29.1
22%
Nigeria 29.5
22%
Republic of the Congo 28.8
22%
South Sudan 29.7
22%
Sudan 29.6
22%
Togo 29.1
22%
Burkina Faso 28.9
11%
Burundi 30.7
11%
Comoros 30.5
11%
Côte d'Ivoire 28.9
11%
Gambia 30.4
11%
Ghana 29.6
11%
Guinea 28.9
11%
Guinea-Bissau 29.5
11%
Mali 28.9
11%
Mauritius 28.8
11%
Rwanda 30.7
11%
São Tomé and Príncipe 28.7
11%
Senegal 30.1
11%
Sierra Leone 28.7
11%
Tanzania 28.8
11%
Uganda 28.8
11%
No matching quizzes found
Score Distribution
Percent of People with Each Score
Percentile by Number Answered
Your Score History
You have not taken this quiz